AC/DC Songs by Lyrics - Statistics

General Stats
  • This quiz has been taken 1,534 times
  • The average score is 10 of 20
Answer Stats
Hint Answer % Correct
____ __ _____, I hit the sack, it's been too long I'm glad to be back Back in Black
95%
Goin' down, for a time, all my friends are gonna be there too, I'm on the _______ __ ____ Highway to Hell
90%
She was a fast machine, she kepr her motor clean You Shook Me All Night Long
82%
Went through to Texas, yeah, Texas and we had some fun, we met some girls, some dancers who gave a good time Thunderstruck
74%
My lightnin's flashing across the sky, you're only young, but you're gonna die/ You got me ringing ____'_ _____ Hell's Bells
73%
See me ride out of the sunset, on your color TV screen T.N.T
71%
Pick up the phone, I'm always home, call me any time Dirty Deeds Done Dirt Cheap
63%
_____ __ ______, play to kill, too many women with too many pills Shoot to Thrill
61%
Ridin' down the highway, goin' to a show, stoppin' on the byways, playin' rock n' roll It's a Long Way to the Top (If You Wanna Rock N' Roll)
54%
Stand up and be counted for what you are about to receive, we are the dealers, we'll give you everything you need For Those About to Rock (We Salute You)
49%
It was one of those nights where you turn out the light and everything comes into view/ Seems like a touch, a _____ ___ ____ Touch Too Much
45%
In the beginning, back in 1955, man didn't know 'bout a rock n' roll show Let There Be Rock
41%
Runaway train, running right off the track Rock N' Roll Train
41%
We're just talkin' about the future, forget about the past, it'll always be with us, it's never gonna die Rock N' Roll Aint Noise Pollution
31%
Video games she play me, face it on the level but it take you every time on a one on one Who Made Who
29%
Tailored suits, chauffered cars, fine hotels and big cigars, up for grabs, all for a price Moneytalks
28%
I've been around the world, I've seen a million girls Girl's Got Rhythm
24%
Don't worry 'bout tomorrow, take it today, forget about the check, we'll get hell to pay Have a Drink on Me
24%
___ ___ _____ for a good time, then get ready for the night line Are You Ready
23%
You're workin' in bars, ridin' in cars, never gonna give it for free What Do You Do For Money Honey
13%
No matching quizzes found
Score Distribution
Percent of People with Each Score
Percentile by Number Answered
Your Score History
You have not taken this quiz